[Event "Ruhrgebiet Verbandsklasse Gruppe 1 1718"]
[Site "Germany"]
[Date "2018.04.29"]
[Round "9.6"]
[White "Schaefer, Martin"]
[Black "Boecker, Juergen"]
[Result "0-1"]
[WhiteElo "1751"]
[BlackElo "1764"]
[PlyCount "74"]
[EventDate "2017.09.17"]
[EventType "team-tourn"]
[EventRounds "9"]
[EventCountry "GER"]
[SourceTitle "EXT 2022"]
[Source "ChessBase"]
[SourceDate "2021.10.06"]
[SourceVersion "1"]
[SourceVersionDate "2021.10.06"]
[SourceQuality "1"]
[WhiteTeam "Drewer SG"]
[BlackTeam "Oberhausen SW"]
[WhiteTeamCountry "GER"]
[BlackTeamCountry "GER"]

1. e4 e5 2. Nf3 Nf6 3. d3 Nc6 4. c4 Bc5 5. Be2 d6 6. Nc3 Nd4 7. 0-0 0-0 8. Na4 Ne6 9. Nxc5 Nxc5 10. b4 Ne6 11. h3 a5 12. b5 a4 13. Be3 b6 14. Rb1 Nd7 15. d4 exd4 16. Nxd4 Bb7 17. Nxe6 fxe6 18. f3 Qf6 19. Bd4 Qg5 20. Qc1 Qg3 21. Qe3 e5 22. Qf2 Qg6 23. Be3 Bxe4 24. Rb4 Nc5 25. Bxc5 dxc5 26. Rb2 Qg5 27. Rd1 Rad8 28. Re1 Rd4 29. Bd1 Bb7 30. Kh1 e4 31. Bxa4 exf3 32. g3 Rfd8 33. h4 Qh6 34. Kh2 Rd2 35. Re8+ Rxe8 36. Rxd2 Qxd2 37. Qxd2 Re2+ 0-1

[Event "Ruhrgebiet Verbandsklasse Gruppe 1 1718"]
[Site "Germany"]
[Date "2018.03.18"]
[Round "8.5"]
[White "Schaefer, Martin"]
[Black "Andersen, Knut"]
[Result "0-1"]
[WhiteElo "1740"]
[BlackElo "1949"]
[PlyCount "148"]
[EventDate "2017.09.17"]
[EventType "team-tourn"]
[EventRounds "9"]
[EventCountry "GER"]
[SourceTitle "EXT 2022"]
[Source "ChessBase"]
[SourceDate "2021.10.06"]
[SourceVersion "1"]
[SourceVersionDate "2021.10.06"]
[SourceQuality "1"]
[WhiteTeam "Drewer SG"]
[BlackTeam "Buer SF"]
[WhiteTeamCountry "GER"]
[BlackTeamCountry "GER"]

1. e4 c5 2. Nf3 Nc6 3. d4 cxd4 4. Nxd4 Qb6 5. Nf3 Nf6 6. Bd3 e6 7. 0-0 d6 8. b3 Be7 9. Be3 Qc7 10. Nc3 a6 11. Na4 b5 12. Nb6 Rb8 13. Nxc8 Rxc8 14. c4 bxc4 15. Bxc4 Qb7 16. Qe2 Nb8 17. e5 Ng4 18. Bf4 d5 19. Bd3 0-0 20. h3 Nh6 21. Bxh6 gxh6 22. Qe3 Kg7 23. Nh2 h5 24. Qf3 f5 25. Qxh5 Bc5 26. Ng4 Qf7 27. Qh6+ Kh8 28. Nf6 Bd4 29. Rac1 Bxe5 30. Nh5 Bb2 31. Rxc8 Rxc8 32. Re1 Rc6 33. Qg5 Rc8 34. Ng3 Rg8 35. Qd2 Bf6 36. Qe2 f4 37. Nf1 Bc3 38. Qxe6 Qg7 39. g3 fxg3 40. Nxg3 Bxe1 41. Qxe1 Qd4 42. Kg2 a5 43. Qe2 Nd7 44. Bf5 Nf6 45. Kh2 Re8 46. Qf3 Ne4 47. Bxe4 dxe4 48. Qf7 Qe5 49. Kg2 Qe7 50. Qf5 Qe5 51. Qf7 e3 52. fxe3 Qxe3 53. Qf6+ Kg8 54. Nf5 Qd2+ 55. Kg3 Qe1+ 56. Kg4 Qe2+ 57. Kg3 Qe5+ 58. Qxe5 Rxe5 59. Nd4 Rd5 60. Nc6 Rc5 61. Nd4 Kf7 62. Kf3 Kf6 63. Ke3 Rh5 64. Nc6 Ke6 65. Kd4 Kd6 66. Na7 Rh4+ 67. Kc3 Kc5 68. a3 Rxh3+ 69. Kc2 Re3 70. b4+ axb4 71. axb4+ Kb6 72. Nc8+ Kc7 73. Kd2 Re8 74. Na7 Kb6 0-1

[Event "MVP-ch Seniors op 17th"]
[Site "Binz"]
[Date "2017.12.07"]
[Round "9.14"]
[White "Schaefer, Martin"]
[Black "Hubert, Berthold"]
[Result "0-1"]
[WhiteElo "1991"]
[BlackElo "2084"]
[PlyCount "52"]
[EventDate "2017.11.29"]
[EventType "swiss"]
[EventRounds "9"]
[EventCountry "GER"]
[SourceTitle "EXT 2019"]
[Source "ChessBase"]
[SourceDate "2018.10.10"]
[SourceVersion "1"]
[SourceVersionDate "2018.10.10"]
[SourceQuality "1"]

1. d4 Nf6 2. c4 e6 3. Nf3 d5 4. g3 c5 5. cxd5 exd5 6. Bg2 Nc6 7. 0-0 h6 8. Nc3 Be6 9. Bf4 Rc8 10. Rc1 b6 11. Qa4 Bd7 12. dxc5 Bxc5 13. Rfd1 0-0 14. Nxd5 Ng4 15. e3 Nd4 16. Qxd4 Bxd4 17. Rxc8 Bxc8 18. Rxd4 Kh8 19. Bc7 Qd7 20. Bh3 f5 21. Bxg4 fxg4 22. Ne5 Qf5 23. Nf4 Qb1+ 24. Kg2 Bb7+ 25. Nd5 Bxd5+ 26. Rxd5 Qe4+ 0-1

[Event "MVP-ch Seniors op 17th"]
[Site "Binz"]
[Date "2017.12.02"]
[Round "4.2"]
[White "Hobusch, Werner"]
[Black "Schaefer, Martin"]
[Result "0-1"]
[WhiteElo "2048"]
[BlackElo "1991"]
[PlyCount "112"]
[EventDate "2017.11.29"]
[EventType "swiss"]
[EventRounds "9"]
[EventCountry "GER"]
[SourceTitle "EXT 2019"]
[Source "ChessBase"]
[SourceDate "2018.10.10"]
[SourceVersion "1"]
[SourceVersionDate "2018.10.10"]
[SourceQuality "1"]

1. e4 c5 2. Nf3 Nc6 3. d4 cxd4 4. Nxd4 e5 5. Nb5 d6 6. N1c3 a6 7. Na3 b5 8. Nd5 Nge7 9. c4 Nxd5 10. Qxd5 Bd7 11. cxb5 Nd4 12. bxa6 Bc6 13. Bb5 Qa5+ 14. Bd2 Qxb5 15. Nxb5 Bxd5 16. Nxd4 Bxe4 17. Nb5 Kd7 18. a7 Be7 19. f3 Bd3 20. a4 Rhc8 21. Ra3 Bc4 22. b3 Bd3 23. b4 Bc4 24. Kf2 Bxb5 25. axb5 Rc2 26. Ke2 Bg5 27. Rd1 d5 28. b6 Kc6 29. Ra5 Kxb6 30. Rxd5 Rxa7 31. Rxe5 Rxd2+ 32. Rxd2 Bxd2 33. Kxd2 Ra2+ 34. Kc3 Rxg2 35. Rh5 h6 36. Rf5 Rxh2 37. Rxf7 Rg2 38. Rf4 g6 39. Re4 Rg3 40. Kc4 h5 41. Re6+ Kc7 42. b5 h4 43. Re7+ Kd6 44. Rh7 g5 45. Rh6+ Ke5 46. Rh5 Rg1 47. b6 Kf4 48. Rh8 Rb1 49. Rf8+ Kg3 50. Kc5 h3 51. Rf5 Kh4 52. Rf7 h2 53. b7 Kg3 54. Rh7 Rxb7 55. Rxb7 h1Q 56. Rb3 Qxf3 0-1

[Event "NRW Class1 1112"]
[Site "Germany"]
[Date "2012.03.25"]
[Round "8.8"]
[White "Schaefer, Martin"]
[Black "Stoeckmann, Helmut"]
[Result "1/2-1/2"]
[WhiteElo "1884"]
[BlackElo "2020"]
[PlyCount "74"]
[EventDate "2011.09.18"]
[EventType "team-tourn"]
[EventRounds "9"]
[EventCountry "GER"]
[SourceTitle "EXT 2015"]
[Source "ChessBase"]
[SourceDate "2014.11.20"]
[SourceVersion "1"]
[SourceVersionDate "2014.11.20"]
[SourceQuality "1"]
[WhiteTeam "Ennepe Ruhr Sued"]
[BlackTeam "Neuenkirchen"]
[WhiteTeamCountry "GER"]
[BlackTeamCountry "GER"]

1. d4 Nf6 2. c4 e6 3. Nf3 Bb4+ 4. Bd2 Qe7 5. Nc3 0-0 6. g3 d6 7. Bg2 e5 8. Qc2 c6 9. 0-0 Bg4 10. dxe5 dxe5 11. a3 Bd6 12. h3 Bxf3 13. exf3 Nbd7 14. Rfe1 Rfe8 15. Rad1 Qf8 16. Ne4 Nxe4 17. fxe4 Rad8 18. Be3 Bc5 19. b4 Bxe3 20. Rxe3 Qe7 21. Red3 Nf8 22. f4 Rxd3 23. Rxd3 Rd8 24. f5 Rxd3 25. Qxd3 Qd7 26. Qxd7 Nxd7 27. Kf2 Kf8 28. Ke3 Ke7 29. Kd3 c5 30. Kc3 Kd6 31. Kb3 Kc6 32. g4 h6 33. Bf3 Kb6 34. h4 f6 35. Ka4 Nb8 36. b5 Nd7 37. Be2 Nb8 1/2-1/2

[Event "NRW Class1 1112"]
[Site "Germany"]
[Date "2012.01.08"]
[Round "5.8"]
[White "Friedl, Thomas"]
[Black "Schaefer, Martin"]
[Result "0-1"]
[WhiteElo "2100"]
[BlackElo "1884"]
[PlyCount "60"]
[EventDate "2011.09.18"]
[EventType "team-tourn"]
[EventRounds "9"]
[EventCountry "GER"]
[SourceTitle "EXT 2015"]
[Source "ChessBase"]
[SourceDate "2014.11.20"]
[SourceVersion "1"]
[SourceVersionDate "2014.11.20"]
[SourceQuality "1"]
[WhiteTeam "Castrop Rauxel"]
[BlackTeam "Ennepe Ruhr Sued"]
[WhiteTeamCountry "GER"]
[BlackTeamCountry "GER"]

1. d4 f5 2. Nc3 Nf6 3. Bg5 e6 4. f3 c5 5. e4 cxd4 6. Qxd4 Nc6 7. Qc4 Be7 8. exf5 d5 9. Qb3 0-0 10. fxe6 Nd4 11. Qa4 Nxe6 12. Bh4 a6 13. Bf2 Bd7 14. Qb3 Bc5 15. Bxc5 Nxc5 16. Qa3 Qe7+ 17. Be2 d4 18. Ne4 Nfxe4 19. fxe4 Qh4+ 20. Qg3 Qxe4 21. 0-0-0 Rac8 22. Bf3 Qf5 23. Be2 Be6 24. Bd3 Nxd3+ 25. Qxd3 Qa5 26. Nf3 Qxa2 27. Nxd4 Bf7 28. Qa3 Qc4 29. Rd2 Rfd8 30. Rhd1 Rxd4 0-1

[Event "NRW Class1 1112"]
[Site "Germany"]
[Date "2011.12.04"]
[Round "4.7"]
[White "Reinemer, Frank"]
[Black "Schaefer, Martin"]
[Result "1-0"]
[WhiteElo "2121"]
[BlackElo "1884"]
[PlyCount "53"]
[EventDate "2011.09.18"]
[EventType "team-tourn"]
[EventRounds "9"]
[EventCountry "GER"]
[SourceTitle "EXT 2015"]
[Source "ChessBase"]
[SourceDate "2014.11.20"]
[SourceVersion "1"]
[SourceVersionDate "2014.11.20"]
[SourceQuality "1"]
[WhiteTeam "Langenfeld"]
[BlackTeam "Ennepe Ruhr Sued"]
[WhiteTeamCountry "GER"]
[BlackTeamCountry "GER"]

1. d4 f5 2. g3 Nf6 3. Bg2 g6 4. Nh3 Bg7 5. Nf4 0-0 6. h4 d6 7. d5 Qe8 8. h5 e5 9. dxe6 gxh5 10. Nc3 Na6 11. Ncd5 Nxd5 12. Bxd5 Qe7 13. e4 h4 14. Qh5 c6 15. Rxh4 Bf6 16. Ng6 hxg6 17. Qxg6+ Qg7 18. e7+ cxd5 19. exf8Q+ Kxf8 20. Bh6 Bxb2 21. Qxd6+ Kf7 22. Qxd5+ Kg6 23. Bxg7 Kxg7 24. Rb1 Bc3+ 25. Kf1 Rb8 26. exf5 b6 27. Rg4+ 1-0

[Event "Ruhrgebiet VK2 1112"]
[Site "Nordrheinwestfalen"]
[Date "2011.11.13"]
[Round "3"]
[White "Schaefer, Martin"]
[Black "Weyh, Thomas"]
[Result "0-1"]
[WhiteElo "1911"]
[BlackElo "1955"]
[PlyCount "94"]
[EventDate "2012.09.18"]
[EventType "team-tourn"]
[EventRounds "9"]
[EventCountry "GER"]
[SourceTitle "EXT 2020"]
[Source "ChessBase"]
[SourceDate "2019.10.17"]
[SourceVersion "1"]
[SourceVersionDate "2019.10.17"]
[SourceQuality "1"]
[WhiteTeam "Drewer SG"]
[BlackTeam "Oberhausen SV III"]
[WhiteTeamCountry "GER"]
[BlackTeamCountry "GER"]

1. e4 e6 2. d4 d5 3. Nc3 Bb4 4. Bd2 dxe4 5. Nxe4 Qxd4 6. Nc3 Nf6 7. Nf3 Qd8 8. Bd3 Nbd7 9. a3 Be7 10. b4 b6 11. Qe2 Bb7 12. Rd1 0-0 13. Bf4 Nd5 14. Nxd5 exd5 15. 0-0 Re8 16. Rfe1 Nf6 17. Ne5 Bd6 18. Qf3 Qc8 19. Bg3 Re7 20. Bf5 Qe8 21. Nd3 Bxg3 22. Qxg3 Ne4 23. Qh4 h6 24. f3 Nf6 25. g4 a5 26. g5 hxg5 27. Qxg5 axb4 28. axb4 d4 29. Rxe7 Qxe7 30. Re1 Qd6 31. h4 Bxf3 32. Kf2 Bd5 33. Nf4 Bc4 34. Rg1 Ne8 35. Nh5 d3 36. Nxg7 Qd4+ 37. Qe3 Qxe3+ 38. Kxe3 Nxg7 39. cxd3 Be6 40. Be4 Re8 41. h5 Kh8 42. h6 Nf5+ 43. Kf4 Nxh6 44. Rh1 Kg7 45. Rg1+ Kf6 46. Rh1 Nf5 47. Bxf5 Bxf5 0-1

[Event "Moehnesee Cup 36th"]
[Site "Moehnesee"]
[Date "2010.08.29"]
[Round "7"]
[White "Schaefer, Martin"]
[Black "Tran, Duc Cuong"]
[Result "0-1"]
[WhiteElo "1822"]
[BlackElo "1958"]
[PlyCount "54"]
[EventDate "2010.08.26"]
[EventType "swiss"]
[EventRounds "7"]
[EventCountry "GER"]
[SourceTitle "EXT 2011"]
[Source "ChessBase"]
[SourceDate "2010.11.26"]
[SourceVersion "1"]
[SourceVersionDate "2010.11.26"]
[SourceQuality "1"]

1. d4 Nf6 2. c4 e6 3. Nc3 Bb4 4. Qb3 c5 5. d5 Ne4 6. f3 Qh4+ 7. g3 Nxg3 8. hxg3 Qxh1 9. Nh3 exd5 10. cxd5 d6 11. Bf4 Bxh3 12. 0-0-0 0-0 13. Ne4 Bxf1 14. a3 Qg2 15. axb4 Bxe2 16. Ng5 Bxd1 17. Qxd1 Qf2 18. Qd3 g6 19. Bxd6 Rc8 20. Kb1 Qe1+ 21. Ka2 Qxb4 22. Ne4 Nd7 23. Qe3 Qa4+ 24. Kb1 Qd1+ 25. Ka2 Qxd5+ 26. Kb1 Re8 27. Bf4 f5 0-1

[Event "Oberliga Nord N 0910"]
[Site "Germany"]
[Date "2010.04.11"]
[Round "9.8"]
[White "Helms, Sven"]
[Black "Schaefer, Martin"]
[Result "1/2-1/2"]
[WhiteElo "2061"]
[BlackElo "1975"]
[PlyCount "76"]
[EventDate "2009.10.18"]
[EventType "team-tourn"]
[EventRounds "9"]
[EventCountry "GER"]
[SourceTitle "EXT 2011"]
[Source "ChessBase"]
[SourceDate "2010.11.26"]
[SourceVersion "1"]
[SourceVersionDate "2010.11.26"]
[SourceQuality "1"]
[WhiteTeam "Schwerin"]
[BlackTeam "Kiel Meerbauer"]
[WhiteTeamCountry "GER"]
[BlackTeamCountry "GER"]

1. d4 d5 2. c4 c6 3. Nc3 Nf6 4. Nf3 dxc4 5. a4 Bf5 6. Ne5 e6 7. f3 c5 8. dxc5 Qxd1+ 9. Nxd1 Nbd7 10. Nxd7 Nxd7 11. e4 Bg6 12. Bxc4 Bxc5 13. Be3 Bb4+ 14. Ke2 Rc8 15. b3 a6 16. Bd4 e5 17. Bb2 Nb6 18. Bd3 f6 19. Ne3 Bf7 20. a5 Nd7 21. Ra4 Bc5 22. b4 Bxe3 23. Kxe3 0-0 24. Raa1 Bc4 25. Rac1 Bxd3 26. Kxd3 Kf7 27. Rxc8 Rxc8 28. Rc1 Rxc1 29. Bxc1 Ke6 30. Kc4 g6 31. b5 axb5+ 32. Kxb5 f5 33. Bg5 fxe4 34. fxe4 Kd6 35. Bd8 Ke6 36. Bg5 Kd6 37. Bd8 Ke6 38. Bg5 Kd6 1/2-1/2

[Event "Ruhrgebiet VK1 0910"]
[Site "Ruhrgebiet"]
[Date "2010.02.07"]
[Round "6.4"]
[White "Schaefer, Martin"]
[Black "Altenburg, Frank"]
[Result "0-1"]
[WhiteElo "1876"]
[BlackElo "1883"]
[PlyCount "120"]
[EventDate "2009.09.06"]
[EventType "team"]
[EventRounds "9"]
[EventCountry "GER"]
[SourceTitle "EXT 2011"]
[Source "ChessBase"]
[SourceDate "2010.11.26"]
[SourceVersion "1"]
[SourceVersionDate "2010.11.26"]
[SourceQuality "1"]
[WhiteTeam "Drewer SG"]
[BlackTeam "Oberhausen III"]
[WhiteTeamCountry "GER"]
[BlackTeamCountry "GER"]

1. e4 c5 2. Nf3 e6 3. d4 cxd4 4. Nxd4 a6 5. Bd3 Nc6 6. c3 Bc5 7. Be3 Qb6 8. Qb3 Qxb3 9. axb3 Nxd4 10. Bxd4 Bxd4 11. cxd4 Ne7 12. Ke2 Nc6 13. Ke3 Nb4 14. Nd2 d5 15. Rhc1 Bd7 16. Be2 0-0 17. Bf3 Rac8 18. Rc3 Nc2+ 19. Rxc2 Rxc2 20. exd5 exd5 21. Bxd5 Re8+ 22. Kd3 Bf5+ 23. Ne4 Rc7 24. f3 Rd8 25. Bc4 b5 26. Rxa6 bxc4+ 27. bxc4 Rb7 28. g4 Bxe4+ 29. fxe4 Rxb2 30. c5 Rb1 31. d5 Rc1 32. c6 Kf8 33. Rb6 Ke8 34. Kd4 f6 35. h4 Ra8 36. Rb7 Ra4+ 37. Kd3 Kf8 38. h5 Rcc4 39. Rb8+ Ke7 40. Rb7+ Kd8 41. Rd7+ Kc8 42. Re7 g6 43. Re8+ Kc7 44. Re7+ Kd8 45. Rxh7 gxh5 46. Rd7+ Ke8 47. gxh5 Rxe4 48. Rd6 Rh4 49. c7 Ra3+ 50. Kc2 Ra8 51. Rxf6 Rc4+ 52. Kd3 Rxc7 53. h6 Rf7 54. Rg6 Kd7 55. Kd4 Rh8 56. Ke5 Rfh7 57. d6 Rxh6 58. Rg7+ Kd8 59. Ra7 Rh5+ 60. Kd4 R8h6 0-1

[Event "Ruhrgebiet VK1 0910"]
[Site "Ruhrgebiet"]
[Date "2010.01.10"]
[Round "5.4"]
[White "Weinert, Christian"]
[Black "Schaefer, Martin"]
[Result "1-0"]
[WhiteElo "1989"]
[BlackElo "1876"]
[PlyCount "81"]
[EventDate "2009.09.06"]
[EventType "team"]
[EventRounds "9"]
[EventCountry "GER"]
[SourceTitle "EXT 2011"]
[Source "ChessBase"]
[SourceDate "2010.11.26"]
[SourceVersion "1"]
[SourceVersionDate "2010.11.26"]
[SourceQuality "1"]
[WhiteTeam "Mengede SG"]
[BlackTeam "Drewer SG"]
[WhiteTeamCountry "GER"]
[BlackTeamCountry "GER"]

1. e4 c5 2. d3 d6 3. Nf3 e5 4. g3 Nc6 5. c3 Nf6 6. Bg2 Be7 7. 0-0 Bg4 8. h3 Bd7 9. Re1 Qc8 10. Kh2 0-0 11. a4 Qc7 12. Na3 a6 13. Nc2 b5 14. axb5 axb5 15. Rxa8 Rxa8 16. d4 cxd4 17. cxd4 Rc8 18. Bd2 Nd8 19. Nb4 Be6 20. Bc3 exd4 21. Nxd4 Bd7 22. Bf1 Qc5 23. Nf5 Qxf2+ 24. Bg2 Bxf5 25. exf5 Kf8 26. Bxf6 gxf6 27. Rf1 Qxb2 28. Nd3 Qc2 29. Qb1 Qxb1 30. Rxb1 Rb8 31. Nb4 Rb6 32. Rc1 Kg7 33. Rc8 Kf8 34. Nd5 Ra6 35. Rc7 Nc6 36. Bf1 Bd8 37. Rc8 Ke8 38. Bxb5 Ra2+ 39. Kh1 Kd7 40. Rxc6 Rb2 41. Rc5+ 1-0

[Event "Ruhrgebiet VK1 0910"]
[Site "Ruhrgebiet"]
[Date "2009.12.06"]
[Round "4.4"]
[White "Schaefer, Martin"]
[Black "Hermann, Thomas"]
[Result "1/2-1/2"]
[WhiteElo "1876"]
[BlackElo "2023"]
[PlyCount "116"]
[EventDate "2009.09.06"]
[EventType "team"]
[EventRounds "9"]
[EventCountry "GER"]
[SourceTitle "EXT 2011"]
[Source "ChessBase"]
[SourceDate "2010.11.26"]
[SourceVersion "1"]
[SourceVersionDate "2010.11.26"]
[SourceQuality "1"]
[WhiteTeam "Drewer SG"]
[BlackTeam "Hervest Dorsten"]
[WhiteTeamCountry "GER"]
[BlackTeamCountry "GER"]

1. e4 g6 2. d4 c6 3. c3 d5 4. exd5 cxd5 5. Bf4 Nc6 6. Nf3 Bg7 7. Nbd2 Nh6 8. Nb3 0-0 9. Qd2 Nf5 10. Bd3 f6 11. Bxf5 Bxf5 12. Nh4 Qc8 13. Nxf5 Qxf5 14. 0-0 b6 15. Rae1 Rad8 16. Bh6 Rd6 17. Bxg7 Kxg7 18. f4 Re6 19. h3 h5 20. Rxe6 Qxe6 21. Re1 Qf5 22. Qe3 Kf7 23. Qf3 h4 24. Nc1 Nd8 25. Nd3 Ne6 26. Qe3 Rg8 27. Nf2 Rh8 28. Ng4 Qe4 29. Qxe4 dxe4 30. Rxe4 f5 31. Ne5+ Kg7 32. Re1 Nxf4 33. Nc6 e6 34. a3 a6 35. Re3 Kf6 36. Ne5 Rh7 37. Nc4 b5 38. Nd2 g5 39. Nb3 Rg7 40. Nc5 a5 41. Nd3 Nd5 42. Re5 Rc7 43. Re1 Rc8 44. Nc5 Nf4 45. Re5 b4 46. axb4 axb4 47. cxb4 Rd8 48. Re1 Rxd4 49. b5 Rb4 50. b6 Rxb2 51. b7 Ke7 52. Rd1 Nd5 53. Re1 Kd6 54. Nxe6 g4 55. Ng7 Ne7 56. Re6+ Kd7 57. hxg4 fxg4 58. Rh6 h3 1/2-1/2

[Event "Saarland-ch MB"]
[Site "Heusweiler"]
[Date "2007.04.07"]
[Round "9"]
[White "Augustin, Christian"]
[Black "Schaefer, Martin"]
[Result "0-1"]
[WhiteElo "2162"]
[BlackElo "1874"]
[PlyCount "72"]
[EventDate "2007.03.30"]
[EventType "swiss"]
[EventRounds "9"]
[EventCountry "GER"]
[SourceTitle "EXT 2008"]
[Source "ChessBase"]
[SourceDate "2007.11.25"]
[SourceVersion "1"]
[SourceVersionDate "2007.11.25"]
[SourceQuality "1"]

1. d4 d6 2. Bg5 Nd7 3. Nf3 c6 4. c3 Qb6 5. Qc2 g6 6. Nbd2 Bg7 7. e4 c5 8. Be3 Ngf6 9. h3 Qc7 10. Bc4 0-0 11. 0-0 cxd4 12. cxd4 d5 13. Bb3 Qxc2 14. Bxc2 dxe4 15. Nxe4 Nxe4 16. Bxe4 Nf6 17. Bd3 Be6 18. b3 Nd5 19. Rac1 Bf5 20. Bxf5 gxf5 21. Rc5 e6 22. a3 Rfd8 23. Rfc1 Bf8 24. Ra5 a6 25. Ne5 f6 26. Nd3 Bd6 27. Kf1 b6 28. Rxd5 exd5 29. Rc6 b5 30. Nc5 Bxc5 31. dxc5 d4 32. Bf4 Rdc8 33. Rc7 Rxc7 34. Bxc7 Re8 35. Bf4 Re6 36. g3 Kf7 0-1

[Event "Berlin Neukoelln op 10th"]
[Site "Berlin"]
[Date "2004.05.21"]
[Round "5"]
[White "Bleicher, Eiko"]
[Black "Schaefer, Martin"]
[Result "1-0"]
[WhiteElo "1770"]
[BlackElo "1501"]
[PlyCount "51"]
[EventDate "2004.04.25"]
[EventType "swiss"]
[EventRounds "7"]
[EventCountry "GER"]
[SourceTitle "EXT 2022"]
[Source "ChessBase"]
[SourceDate "2021.10.06"]
[SourceVersion "1"]
[SourceVersionDate "2021.10.06"]
[SourceQuality "1"]

1. d4 Nf6 2. Nf3 e6 3. e3 d5 4. Bd3 Nc6 5. c3 Be7 6. Nbd2 0-0 7. 0-0 a6 8. Qe2 Bd7 9. e4 dxe4 10. Nxe4 Nxe4 11. Qxe4 g6 12. h4 f5 13. Qf4 Bd6 14. Qe3 Re8 15. h5 Qf6 16. hxg6 hxg6 17. Qg5 Qxg5 18. Bxg5 e5 19. Bc4+ Kg7 20. dxe5 Nxe5 21. Nxe5 Bxe5 22. Rad1 Bc6 23. Bd5 Rh8 24. f4 Bxd5 25. fxe5 Bc6 26. Bf6+ 1-0

[Event "Berlin Neukoelln op 10th"]
[Site "Berlin"]
[Date "2004.05.07"]
[Round "3"]
[White "Koenig, Dennis"]
[Black "Schaefer, Martin"]
[Result "1/2-1/2"]
[WhiteElo "1385"]
[BlackElo "1501"]
[PlyCount "62"]
[EventDate "2004.04.25"]
[EventType "swiss"]
[EventRounds "7"]
[EventCountry "GER"]
[SourceTitle "EXT 2022"]
[Source "ChessBase"]
[SourceDate "2021.10.06"]
[SourceVersion "1"]
[SourceVersionDate "2021.10.06"]
[SourceQuality "1"]

1. d4 d5 2. Nf3 Nf6 3. e3 Nc6 4. c3 e6 5. Bd3 Be7 6. Nbd2 0-0 7. 0-0 Re8 8. e4 dxe4 9. Nxe4 b6 10. Nxf6+ Bxf6 11. Be4 Bb7 12. Qa4 Na5 13. Bxb7 Nxb7 14. Be3 e5 15. dxe5 Bxe5 16. Rad1 Bd6 17. Qg4 Qc8 18. Qxc8 Raxc8 19. Nd4 Bc5 20. b4 Bxd4 21. Rxd4 Red8 22. Rfd1 Rxd4 23. Rxd4 Rd8 24. Rxd8+ Nxd8 25. Kf1 Kf8 26. Ke2 Ke7 27. Kd3 Ne6 28. Ke4 Kd6 29. Bd4 Kc6 30. a4 a5 31. Be3 Kd6 1/2-1/2

[Event "Berlin Neukoelln op 10th"]
[Site "Berlin"]
[Date "2004.04.30"]
[Round "2"]
[White "Schaefer, Martin"]
[Black "Baumeister, Wolfgang"]
[Result "1/2-1/2"]
[WhiteElo "1501"]
[BlackElo "1576"]
[PlyCount "111"]
[EventDate "2004.04.25"]
[EventType "swiss"]
[EventRounds "7"]
[EventCountry "GER"]
[SourceTitle "EXT 2022"]
[Source "ChessBase"]
[SourceDate "2021.10.06"]
[SourceVersion "1"]
[SourceVersionDate "2021.10.06"]
[SourceQuality "1"]

1. b3 e5 2. Bb2 Nc6 3. e3 Nf6 4. Nf3 e4 5. Nd4 Nxd4 6. Bxd4 c5 7. Bb2 d5 8. d3 Be7 9. dxe4 dxe4 10. Qxd8+ Bxd8 11. Bb5+ Bd7 12. Bxd7+ Nxd7 13. 0-0 0-0 14. c4 f5 15. Rd1 Bf6 16. Bxf6 Nxf6 17. Nc3 Rfd8 18. Rxd8+ Rxd8 19. Rd1 Rxd1+ 20. Nxd1 Ng4 21. Nc3 Kf7 22. Nb5 Ke6 23. Nxa7 Ne5 24. Nb5 g5 25. Nc7+ Kd6 26. Nd5 b5 27. Nf6 bxc4 28. bxc4 h6 29. Kf1 Nxc4 30. Ng8 h5 31. Nh6 Ke6 32. g3 Nb2 33. Ke2 g4 34. Kd2 Nd3 35. Kc3 Nxf2 36. Kc4 Nd1 37. a4 Nxe3+ 38. Kxc5 Nd5 39. Kd4 e3 40. Kd3 Kf6 41. a5 Kg6 42. Ng8 Kg7 43. a6 Kxg8 44. a7 Nb6 45. Kxe3 Kf7 46. Kd4 f4 47. gxf4 Kf6 48. Kc5 Na8 49. Kc6 h4 50. Kb7 g3 51. hxg3 hxg3 52. Kxa8 g2 53. Kb8 g1Q 54. a8Q Qg8+ 55. Kb7 Qd5+ 56. Kb8 1/2-1/2